<?xml version="1.0" encoding="UTF-8"?>
<record
    xmlns:xsi="http://www.w3.org/2001/XMLSchema-instance"
    xsi:schemaLocation="http://www.loc.gov/MARC21/slim http://www.loc.gov/standards/marcxml/schema/MARC21slim.xsd"
    xmlns="http://www.loc.gov/MARC21/slim">

  <leader>01195nam a22002057a 4500</leader>
  <controlfield tag="003">IT-MiCISF</controlfield>
  <controlfield tag="005">20210504152136.0</controlfield>
  <controlfield tag="008">210504b           ||||| |||| 00| 0 eng d</controlfield>
  <datafield tag="040" ind1=" " ind2=" ">
    <subfield code="c">IT-MiCISF</subfield>
  </datafield>
  <datafield tag="041" ind1=" " ind2=" ">
    <subfield code="a">it</subfield>
  </datafield>
  <datafield tag="100" ind1=" " ind2=" ">
    <subfield code="a">Alves Rubem</subfield>
    <subfield code="9">36464</subfield>
  </datafield>
  <datafield tag="245" ind1=" " ind2=" ">
    <subfield code="a">Pinocchio alla rovescia</subfield>
    <subfield code="b">A cura di Paolo Vittoria</subfield>
  </datafield>
  <datafield tag="260" ind1=" " ind2=" ">
    <subfield code="a">Bologna</subfield>
    <subfield code="b">Marietti 1820; Dehoniane</subfield>
    <subfield code="c">2021</subfield>
  </datafield>
  <datafield tag="300" ind1=" " ind2=" ">
    <subfield code="a">pp. 49</subfield>
  </datafield>
  <datafield tag="500" ind1=" " ind2=" ">
    <subfield code="a">educazione-bambini, societ&#xE0;</subfield>
  </datafield>
  <datafield tag="520" ind1=" " ind2=" ">
    <subfield code="a">Cosa fa il mare quando andiamo a dormire? Chi ha inventato le parole? Perch&#xE9; i piccioni muovono il collo avanti e indietro? Felipe ha molte curiosit&#xE0;, ma i genitori lo rassicurano: imparerai tutto a scuola. Eppure, a scuola, il corridoio &#xE8; freddo e lungo, tutti devono stare in fila e le domande sembrano sempre inopportune. Costretto ad adeguarsi e ad assecondare le aspettative degli altri, il giovane protagonista di questo originale e provocatorio racconto di Rubem Alves &#xE8; un Pinocchio alla rovescia, un bambino che diventa burattino, schiavo di una normalit&#xE0; imposta e di strutture educative incapaci di ascoltare, ma pronte a certificare e medicalizzare.</subfield>
  </datafield>
  <datafield tag="650" ind1=" " ind2=" ">
    <subfield code="a">educazione</subfield>
    <subfield code="9">56062</subfield>
  </datafield>
  <datafield tag="654" ind1=" " ind2=" ">
    <subfield code="a">saggio</subfield>
  </datafield>
  <datafield tag="942" ind1=" " ind2=" ">
    <subfield code="2">ddc</subfield>
    <subfield code="c">BK</subfield>
  </datafield>
  <datafield tag="999" ind1=" " ind2=" ">
    <subfield code="c">359253</subfield>
    <subfield code="d">359253</subfield>
  </datafield>
  <datafield tag="952" ind1=" " ind2=" ">
    <subfield code="0">0</subfield>
    <subfield code="1">0</subfield>
    <subfield code="2">ddc</subfield>
    <subfield code="4">0</subfield>
    <subfield code="6">A_2334_000000000000000</subfield>
    <subfield code="7">1</subfield>
    <subfield code="a">CISF</subfield>
    <subfield code="b">CISF</subfield>
    <subfield code="d">2021-05-04</subfield>
    <subfield code="l">0</subfield>
    <subfield code="o">a2334</subfield>
    <subfield code="p">9788821111129</subfield>
    <subfield code="r">2021-05-04 00:00:00</subfield>
    <subfield code="w">2021-05-04</subfield>
    <subfield code="y">BK</subfield>
  </datafield>
</record>
